Central Library OPAC University of Rajshahi

Society and politics in Germany, 1500-1750 / (Record no. 36192)

MARC details
000 -LEADER
fixed length control field 00904nam a2200265 a 4500
001 - CONTROL NUMBER
control field 36192
003 - CONTROL NUMBER IDENTIFIER
rucl marc code BD-RjUL
005 - DATE AND TIME OF LATEST TRANSACTION
control field 20211209052440.0
008 - FIXED-LENGTH DATA ELEMENTS--GENERAL INFORMATION
fixed length control field 140617s1974 enk 000 0 eng d
020 ## - INTERNATIONAL STANDARD BOOK NUMBER
International Standard Book Number 0710078420 (Routledge)
International Standard Book Number 0802021743 (Toronto)
035 ## - SYSTEM CONTROL NUMBER
System control number (BD-RjUL)36289
040 ## - CATALOGING SOURCE
Original cataloging agency BD-RjUL
Transcribing agency BD-RjUL
Language of cataloging eng
041 ## - LANGUAGE CODE
Language code of text/sound track or separate title eng
082 04 - DEWEY DECIMAL CLASSIFICATION NUMBER
Classification number 320.4309
Author mark and year BES 1974
100 1# - MAIN ENTRY--PERSONAL NAME
Personal name Benecke, Gerhard.
9 (RLIN) 110134
245 10 - TITLE STATEMENT
Title Society and politics in Germany, 1500-1750 /
Statement of responsibility, etc. G. Benecke.
260 ## - PUBLICATION, DISTRIBUTION, ETC. (IMPRINT)
Place of publication, distribution, etc. London :
Name of publisher, distributor, etc. Routledge and Kegan Paul ;
Place of publication, distribution, etc. Toronto :
Name of publisher, distributor, etc. University of Toronto Press,
Date of publication, distribution, etc. 1974.
300 ## - PHYSICAL DESCRIPTION
Pagination xi, 436 p. :
Illustrations ill. ;
Size 21 cm.
490 1# - SERIES STATEMENT
Series statement Studies in social history
504 ## - BIBLIOGRAPHY, ETC. NOTE
Bibliography, etc Bibliography p. 405-422. and Index
650 #0 - SUBJECT ADDED ENTRY--TOPICAL TERM
Topical term or geographic name as entry element Society and Politics
Geographic subdivision Germany
General subdivision History
Chronological subdivision 1500-1750.
9 (RLIN) 110135
830 #0 - SERIES ADDED ENTRY--UNIFORM TITLE
Uniform title Studies in social history (Routledge & Kegan Paul)
942 ## - ADDED ENTRY ELEMENTS (KOHA)
Source of classification or shelving scheme Dewey Decimal Classification
Koha item type Books
Holdings
Lost status Source of classification or shelving scheme Damaged status Not for loan Collection code Permanent Location Current Location Shelving location Date acquired Source of acquisition Cost, normal purchase price Total Checkouts Full call number Date last seen Copy number Koha item type
  Dewey Decimal Classification   Not For Loan Non-fiction Central Library, University of Rajshahi Central Library, University of Rajshahi Reading Room 01/08/1979 Heffer 9.50   320.9043 BES 1974 17/06/2014 C-1 Books
  Dewey Decimal Classification     Non-fiction Central Library, University of Rajshahi Central Library, University of Rajshahi   01/08/1979 Heffer 9.50   320.9043 BES 1974 17/06/2014 C-2 Books
  Dewey Decimal Classification     Non-fiction Central Library, University of Rajshahi Central Library, University of Rajshahi   01/08/1979 Heffer 9.50   320.9043 BES 1974 17/06/2014 C-3 Books